[Event "Challengers' Cup"]
[Site "Seattle, WA"]
[Date "2013.10.26"]
[Round "1"]
[White "Varner Murlin  (WA)"]
[Black "Arganian David  (WA)"]
[Result "0-1"]
[WhiteElo "1639"]
[BlackElo "2014"]
[Annotator ""]
[Source ""]
[Remark "Open"]

1.c4 c5 2.Nc3 g6 3.g3 Bg7 4.Bg2 Nc6 5.e4 e6 6.Nge2 Nge7 7.O-O
O-O 8.Rb1 b6 9.d3 Bb7 10.a3 Nd4 11.b4 Nxe2+ 12.Nxe2 cxb4 13.axb4
d5 14.Ba3 dxe4 15.dxe4 Qc7 16.Qc2 Rfc8 17.c5 bxc5 18.bxc5 Nc6
19.Rfd1 Rd8 20.Rd6 Bf8 21.Rxd8 ( 21.e5 {!} ) Rxd8 22.Nc3 {?!}
Ba6 23.Nb5 {??} Bxb5 24.Rxb5 Nd4 25.Qb2 Nxb5 26.Qxb5 Rc8 27.Qa4
Bxc5 28.Bb2 Qb6 29.Qc2 Rb8 30.Be5 Qb1+ 31.Qxb1 Rxb1+ 32.Bf1 Rc1 0-1

[Event "Challengers' Cup"]
[Site "Seattle, WA"]
[Date "2013.10.26"]
[Round "2"]
[White "Dhingra Sangeeta  (WA)"]
[Black "Varner Murlin  (WA)"]
[Result "1-0"]
[WhiteElo "1788"]
[BlackElo "1639"]
[Annotator ""]
[Source ""]
[Remark "Open"]

1.e4 e6 2.d4 d5 3.e5 c5 4.c3 Nc6 5.Nf3 Be7 ( 5...Bd7 ) 6.a3 f6
7.b4 b6 ( 7...cxb4 8.axb4 Qc7 9.Bf4 Qb6 10.b5 Na5 11.Nbd2 Bd7
12.Qa4 Bd8 13.c4 dxc4 14.Bxc4 Rc8 15.O-O a6 16.Rab1 Be7 17.exf6
Nxf6 18.Ne5 Bxb5 19.Bxb5+ axb5 20.Rxb5 Qd8 21.Rd5+ Nd7 22.Rxd7
Qb6 23.Rd8+ Kxd8 24.Nf7# {1-0, Tidman Sophie E (ENG) 2106 - Suzuki Layla, England 1998}
) 8.g3 Bb7 9.Bg2 ( 9.Bh3 ) Qc7 10.Qe2 O-O-O ( 10...cxd4 ) 11.exf6
Nxf6 12.Qxe6+ Kb8 13.O-O c4 14.Qe2 Bd6 15.a4 Rhe8 16.Qc2 g6 17.Na3
a6 18.Bg5 Be7 19.Rfe1 Ne4 20.Be3 Ka8 21.Nd2 Nxd2 22.Qxd2 Bd6
{?} 23.Bxd5 Bxg3 24.fxg3 Rxd5 25.Bf4 Qd7 26.Nxc4 Ka7 27.Rxe8
Qxe8 28.Bc7 b5 29.axb5 Rxb5 30.Nd6 Qd7 31.Nxb5+ Ka8 32.Qf4 Qe7
33.Bb6 1-0

[Event "Challengers' Cup"]
[Site "Seattle, WA"]
[Date "2013.10.27"]
[Round "3"]
[White "Varner Murlin  (WA)"]
[Black "Raffel Brian  (WA)"]
[Result "1/2-1/2"]
[WhiteElo "1639"]
[BlackElo "1583"]
[Annotator ""]
[Source ""]
[Remark "Open"]

1.c4 e5 2.Nc3 Nc6 3.g3 Bb4 4.Bg2 Bxc3 5.bxc3 d6 6.e3 Nf6 7.Ne2
Be6 8.Qa4 ( 8.c5 Qd7 9.cxd6 cxd6 10.O-O Bh3 11.Rb1 O-O 12.Ba3
Bxg2 13.Kxg2 b6 14.d4 Rad8 15.dxe5 Nxe5 16.Nf4 Qc6+ 17.f3 Nc4
18.Qc1 Nxa3 19.Qxa3 Ng4 20.Rfe1 Ne5 21.e4 Ng6 22.Nxg6 fxg6 23.Rf1
Rf7 24.Qb3 Rdf8 25.Rbc1 Kh8 26.a4 g5 27.Qb5 Qxb5 28.axb5 Rc8
29.Rcd1 Rxc3 30.Rxd6 h6 31.e5 Rc2+ 32.Kh3 Re2 33.e6 Re7 34.Ra1
R7xe6 35.Rxe6 Rxe6 36.Rxa7 Re5 37.Rb7 Rxb5 38.Kg4 Kh7 39.f4 gxf4
40.gxf4 Kg6 41.h4 h5+ 42.Kg3 Rb3+ 43.Kg2 Kf6 44.Kf2 g6 45.Ke2
Kf5 46.Rg7 Rh3 47.Rf7+ Kg4 48.Rf6 Rxh4 49.Rxg6+ Kxf4 50.Rxb6
Kg3 51.Kf1 Rf4+ 52.Kg1 h4 53.Rb3+ Kg4 54.Kg2 Kg5 55.Rf3 Rxf3
56.Kxf3 Kh5 57.Kg2 Kg4 58.Kh1 h3 59.Kg1 Kh4 {1/2-1/2, Edel Ivo (GER) 1929 - Mutschke M, Bad Duerkheim (Germany) 1997}
) Qd7 9.d4 Bf5 10.O-O O-O 11.Ba3 {?} ( 11.dxe5 dxe5 12.Rd1 )
Bd3 {?!} ( 11...Nxd4 {!} ) 12.Rfe1 Rfd8 13.Rad1 Qf5 14.Rd2 Ne4
15.Bxe4 Bxe4 16.f4 Qg4 17.Rf1 h5 18.Qd1 Na5 19.dxe5 Bf3
( 19...Nxc4 ) 20.h3 Bxe2 21.hxg4 Bxd1 22.Rdxd1 Nxc4 23.Bc1 hxg4
24.Rd4 b5 25.Rfd1 Re8 26.exd6 Nxd6 27.Re1 Ne4 28.c4 c6 29.Kg2
Re6 30.Bb2 a5 31.cxb5 cxb5 32.Red1 Ree8 33.a4 b4 34.Rc1 Nf6 35.Kf2
Rac8 36.Rdc4 Rxc4 37.Rxc4 Ne4+ 38.Kg2 f6 39.Bd4 Rb8 40.Ba7 Rb7
41.Bd4 b3 42.Bb2 f5 43.Rc8+ Kf7 44.Ra8 Rd7 45.Bd4 Rc7 46.Rxa5
b2 47.Bxb2 Rc2+ 48.Kg1 Rxb2 49.Rxf5+ Kg6 50.Re5 Rb1+ {%02
 (Brian offered draw, concerned about running out of time.  I think he still
had lots of winning chances and plenty of time to complete them, but who am I to try and talk him out of it?)}
 1/2-1/2

[Event "Challengers' Cup"]
[Site "Seattle, WA"]
[Date "2013.10.26"]
[Round "1"]
[White "Nagase Masayuki  (WA)"]
[Black "Collyer Curt  (WA)"]
[Result "0-1"]
[WhiteElo "1910"]
[BlackElo "2281"]
[Annotator ""]
[Source ""]
[Remark "Open"]

1.d4 e6 2.c4 f5 3.g3 Nf6 4.Bg2 Be7 5.Nf3 O-O 6.O-O d6 7.Nc3 Qe8
8.Re1 Qg6 9.Qc2 Ne4 10.Nxe4 {?} ( 10.Be3 ) fxe4 11.Nh4 Bxh4 12.gxh4
{?} ( 12.Bxe4 ) e3 13.Qxg6 exf2+ 0-1

[Event "Challengers' Cup"]
[Site "Seattle, WA"]
[Date "2013.10.26"]
[Round "1"]
[White "Bayati Basil  (WA)"]
[Black "Haining Breck  (WA)"]
[Result "1-0"]
[WhiteElo "1225"]
[BlackElo "1395"]
[Annotator ""]
[Source ""]
[Remark "Reserve"]

1.e4 g6 2.d4 Bg7 3.c4 d6 4.Nc3 Nf6 5.Bd3 Nc6 6.Nge2 Nb4 7.Bb1
b6 8.a3 Na6 9.Bg5 c5 10.d5 e6 11.Qd2 Qd7 12.Bh6 O-O 13.h4 exd5
14.cxd5 Qg4 15.Bd3 Qxg2 16.Rg1 Qh3 17.Bxg7 Kxg7 18.O-O-O Nc7
19.Rh1 Qd7 20.h5 Nxh5 21.Rxh5 gxh5 22.Qg5+ Kh8 23.Qf6+ Kg8 24.Rg1+
Qg4 25.Rxg4+ Bxg4 26.Ng3 Ne8 27.Qg5+ Ng7 28.f3 f6 29.Qh6 Bxf3
30.e5 dxe5 31.Qxh7+ Kf7 32.Bg6+ Ke7 33.Qxg7+ Kd6 34.Nf5# 1-0

[Event "Challengers' Cup"]
[Site "Seattle, WA"]
[Date "2013.10.26"]
[Round "1"]
[White "Haining Kyle  (WA)"]
[Black "Bashkansky Naomi (WA)"]
[Result "1-0"]
[WhiteElo "2043"]
[BlackElo "1732"]
[Annotator ""]
[Source ""]
[Remark "Open"]

1.e4 e5 2.Nf3 Nc6 3.Bb5 a6 4.Bxc6 dxc6 5.O-O Bg4 6.h3 Bh5 7.g4
Bg6 8.Nxe5 Qh4 9.Qf3 Bd6 10.Nxg6 hxg6 11.Kg2 O-O-O 12.d3 Rf8
( 12...f5 13.gxf5 Rf8 14.Qg4 gxf5 15.Qxh4 Rxh4 16.Nc3 f4 17.f3
Rf6 18.Rh1 Rg6+ 19.Kf1 Rg3 20.Ne2 Rgxh3 21.Rxh3 Rxh3 22.Kg2 Rh4
23.d4 g5 24.Bd2 Kd7 25.Rh1 Rxh1 26.Kxh1 c5 27.c3 b5 28.b4 cxb4
29.cxb4 Bf8 30.Bc3 Bg7 31.Nc1 Ne7 32.Nd3 Nc6 33.Nc5+ Kd6 34.Nb3
Nd8 35.Kg2 Ne6 36.Kh3 Ke7 37.Kg4 Kd6 38.Kf5 Ke7 39.Nc5 Bxd4 40.Nxe6
Bxc3 41.Nxc7 g4 42.Nd5+ Kd6 43.Nxc3 gxf3 44.e5+ {1-0, Grzesik Thomas (GER) 2302 - Kerkhoff Leo J (NED) 2247, Aachen (Germany) 1982}
) 13.d4 f5 14.e5 Be7 15.Qg3 f4 16.Qf3 Bg5 17.Rh1 Ne7 18.Nd2 Nd5
19.Ne4 Kb8 20.a3 b6 21.c4 Ne7 22.Bd2 Nc8 23.Rad1 Rf7 24.b4 Rd8
25.Bc3 b5 26.Nc5 Ka7 27.Qxc6 f3+ 28.Kf1 Nd6 29.exd6 cxd6 30.Qxa6+
Kb8 31.Qxb5+ Kc8 32.Qc6+ Kb8 33.Na6+ Ka7 34.d5 Be3 35.fxe3 1-0

[Event "Challengers' Cup"]
[Site "Seattle, WA"]
[Date "2013.10.26"]
[Round "1"]
[White "Landingin Jofrel  (CAN)"]
[Black "Vaintroub Maximilian  (WA)"]
[Result "1/2-1/2"]
[WhiteElo "1938"]
[BlackElo "1844"]
[Annotator ""]
[Source ""]
[Remark "Open"]

1.d4 Nf6 2.c4 e6 3.Nc3 Bb4 4.Qc2 O-O 5.a3 Bxc3+ 6.Qxc3 b6 7.Bg5
Bb7 8.f3 d5 9.cxd5 Bxd5 10.e4 Bb7 11.e5 Nd5 12.Bxd8 Nxc3 13.Bxc7
Nd5 14.Bxb8 Raxb8 15.Kd2 Rbc8 16.Nh3 Rfd8 17.Bd3 Ne7 18.Ke3 Nc6
19.Rad1 Nxd4 20.Ng5 Nf5+ 21.Kf2 h6 22.Ne4 Rd4 23.Nd6 Nxd6 24.exd6
e5 25.Bf5 Rd8 26.Rxd4 exd4 27.d7 g6 28.Re1 Bc6 29.Re8+ Rxe8 30.dxe8Q+
Bxe8 31.Bd3 Kg7 32.Ke2 Kf6 33.f4 Bc6 34.g3 Ke6 35.Bc4+ Bd5 36.Kd3
g5 37.fxg5 hxg5 38.Kxd4 Bxc4 39.Kxc4 f5 40.Kd4 g4 41.b4 Kd6 42.b5
Ke6 43.Ke3 Ke5 44.a4 Ke6 45.Kf4 Kf6 46.Ke3 Ke5 47.Kd3 Kd5 48.Ke3
Ke5 49.Kd3 f4 50.gxf4+ Kxf4 51.Ke2 Kg5 52.Ke3 1/2-1/2

[Event "Challengers' Cup"]
[Site "Seattle, WA"]
[Date "2013.10.26"]
[Round "1"]
[White "Sinanan Joshua  (WA)"]
[Black "Putnam Aaron  (WA)"]
[Result "1-0"]
[WhiteElo "2244"]
[BlackElo "1944"]
[Annotator ""]
[Source ""]
[Remark "Open"]

1.d4 e6 2.c4 d5 3.Nf3 f5 4.Bf4 Nf6 5.e3 Bd6 6.Nc3 c6 7.Bd3 O-O
8.O-O b6 9.Rc1 Kh8 10.Ne5 Ng4 11.Nxg4 Bxf4 12.exf4 fxg4 13.g3
Rf6 14.Re1 Qf8 15.Re5 Nd7 16.Rg5 h6 17.Rxg4 c5 18.cxd5 exd5 19.Rh4
Bb7 20.Bf1 Re8 21.Bh3 cxd4 22.Qxd4 Nc5 23.Rh5 Ne6 24.Bxe6 Rfxe6
25.Kg2 Rd8 26.Rd1 Qc5 27.f3 Qxd4 28.Rxd4 b5 29.Re5 Rb6 30.Rd2
a6 31.Ne2 Kg8 32.Nd4 Bc8 33.Rc2 Rbd6 34.f5 Kf7 35.Rc7+ Kf6 36.f4
R6d7 37.Rc6+ Rd6 38.Kf2 Rxc6 39.Nxc6 Rd6 40.Nd4 Kf7 41.g4 Rd7
42.g5 Rd6 43.g6+ Kf8 44.Ke3 1-0

[Event "Challengers' Cup"]
[Site "Seattle, WA"]
[Date "2013.10.26"]
[Round "1"]
[White "He Daniel  (WA)"]
[Black "Caluza Severo  (CAN)"]
[Result "1-0"]
[WhiteElo "2209"]
[BlackElo "1834"]
[Annotator ""]
[Source ""]
[Remark "Open"]

1.c4 Nf6 2.Nc3 e6 3.e4 e5 4.f4 d6 5.d3 c6 6.Nf3 Nbd7 7.Qe2 Be7
8.g3 Qc7 9.Bg2 O-O 10.Nh4 Re8 11.O-O Nc5 12.f5 a6 13.Bf3 b5 14.Be3
Ncd7 15.Ng2 b4 16.Nd1 d5 17.g4 dxe4 18.dxe4 Nc5 19.Nf2 h6 20.h4
Nh7 21.Nh3 f6 {%02?!  (With this move the tide begins to turn in White's favor.  The next few moves increase White's advantage.)}
22.Rad1 Bb7 23.Qf2 Na4 24.c5 Rad8 25.Qc2 Qa5 26.Rc1 Rd4 27.Bxd4
exd4 28.Qc4+ Kh8 29.Nhf4 Nf8 30.Nd3 Qb5 31.Qxb5 ( 31.Qf7 ) axb5
32.Ngf4 Nd7 33.Ng6+ Kg8 34.Nxe7+ Rxe7 35.Rfd1 Ne5 36.Nxe5 Rxe5
37.Rxd4 Nxc5 38.Rc2 Na4 39.g5 hxg5 40.Rd8+ 1-0

[Event "Challengers' Cup"]
[Site "Seattle, WA"]
[Date "2013.10.26"]
[Round "1"]
[White "Chalasani Sujatha  (WA)"]
[Black "Eken Winston  (WA)"]
[Result "0-1"]
[WhiteElo "1534"]
[BlackElo "1474"]
[Annotator ""]
[Source ""]
[Remark "Reserve"]

1.d4 d5 2.c4 c6 3.Nc3 Nf6 4.e3 e6 5.Nf3 Bd6 6.Bd2 Nbd7 7.c5 Bc7
8.Bd3 e5 9.Bc2 e4 10.Ng1 ( 10.Ng1 Nf8 11.Nge2 Ng6 12.g3 Bg4 13.Bb3
Bf3 14.Rg1 Qd7 15.Qc2 Qg4 16.Nf4 Nxf4 17.exf4 Qh3 18.Ne2 Ng4
19.Be3 Nxe3 20.fxe3 Ba5+ 21.Nc3 O-O 22.Qf2 b6 23.Bd1 Bxd1 24.Kxd1
bxc5 25.dxc5 Bxc3 26.bxc3 Rab8 27.a4 Rb3 28.Qc2 Rfb8 29.Re1 Rb2
30.Qc1 Qg4+ {0-1, Wagner Mario - Geist Peter 1850, Germany 1995} )
b6 11.b4 a5 12.a3 O-O 13.Nge2 Ng4 14.h3 Qh4 15.g3 Qh6 16.Nf4
Ngf6 17.Kf1 g5 18.Nfe2 Nh5 19.Qe1 Ndf6 20.Ng1 Ng7 21.Na4 b5 22.Nb2
a4 23.Bd1 Bg4 24.Bxg4 Nxg4 25.Qe2 f5 26.Be1 Rf7 27.f3 exf3 28.Qxf3
Nf6 29.Nd3 Re8 30.Ne2 Rfe7 31.Bd2 Ne4 32.Bc1 Nxg3+ {?}
( 32...Nh5 $19 ) 33.Nxg3 f4 34.exf4 gxf4 35.Bxf4 Bxf4 36.Nxf4
Rf7 37.Nge2 Ref8 38.Kg2 Ne6 39.Raf1 Nxf4+ 40.Nxf4 Rxf4 41.Qg3+
Kh8 42.Rxf4 Qxf4 43.Qxf4 Rxf4 44.Rd1 Kg7 45.Kg3 Re4 46.Rd3 Kg6
47.Kf3 Kf5 48.Kg2 Kg5 49.Kg3 h5 50.Kg2 Re2+ 51.Kf3 Ra2 52.h4+
Kxh4 53.Kf4 Re2 54.Kf5 Re4 55.Rd2 {?} Re3 56.Kf4 Rxa3 57.Ke5
Rf3 58.Kd6 Rf6+ 59.Ke5 Rh6 60.Kf4 Kh3 0-1

[Event "Challengers' Cup"]
[Site "Seattle, WA"]
[Date "2013.10.26"]
[Round "1"]
[White "He Anthony  (WA)"]
[Black "Pupols Viktors  (WA)"]
[Result "0-1"]
[WhiteElo "1897"]
[BlackElo "2200"]
[Annotator ""]
[Source ""]
[Remark "Open"]

1.e4 e5 2.Nf3 Nc6 3.Bc4 Be7 4.O-O Nf6 5.d3 d6 6.a4 O-O 7.Re1
Na5 8.Ba2 c5 9.c3 Nc6 10.Be3 d5 11.Qc2 d4 12.Bg5 Nh5 13.Bxe7
Qxe7 14.Nbd2 Nf4 15.g3 Ng6 16.Kg2 Kh8 17.h4 Qd7 18.Rh1 f6 19.Nc4
Nf4+ 20.Kf1 Nh5 21.Kg2 g6 22.Rad1 Qe7 23.Rde1 Be6 24.Bb3 Rad8
25.Ng1 Rd7 26.f3 Rfd8 27.Rd1 f5 28.Ne2 fxe4 29.fxe4 Nf6 30.cxd4
cxd4 31.Qd2 Ng4 32.Rc1 Rf8 33.Rhf1 Rxf1 34.Kxf1 Qf8+ 35.Ke1 Qf2+
36.Kd1 Bxc4 37.Rxc4 Ne3+ 38.Kc1 Qf1+ 39.Bd1 Nxc4 40.dxc4 Qf2
41.Qh6 Qe3+ 42.Qxe3 dxe3 0-1

[Event "Challengers' Cup"]
[Site "Seattle, WA"]
[Date "2013.10.26"]
[Round "1"]
[White "Guo Raymond  (WA)"]
[Black "Piper August  (WA)"]
[Result "1-0"]
[WhiteElo "1341"]
[BlackElo "1528"]
[Annotator ""]
[Source ""]
[Remark "Reserve"]

1.d4 d5 2.c4 dxc4 3.e3 a6 4.Nc3 b5 5.a4 b4 6.Na2 e6 7.Bxc4 Bb7
8.Nf3 Nf6 9.O-O Be7 10.Bd2 ( 10.a5 O-O 11.Bd2 Nc6 12.Nc1 Rb8
13.Qe2 Qc8 14.Rd1 Na7 15.Nb3 c6 16.Ne5 Ne4 17.Rac1 Nb5 18.Be1
Ba8 19.Bd3 Nf6 20.Bb1 Qc7 21.Nd3 Bd6 22.h3 Na7 23.Rc4 Qe7 24.Ndc5
Bxc5 25.Nxc5 {1-0, Gokhale Chandrashekhar (IND) 2407 - Intykhap A, Mumbai (India) 2003}
) a5 11.Nc1 Ne4 12.Nd3 Nxd2 13.Qxd2 O-O 14.Qe2 Nd7 15.Rad1 Nf6
16.Rfe1 Qd7 17.Bb5 c6 18.Bc4 Ne4 19.Nd2 f5 20.Nxe4 fxe4 21.Ne5
Qd6 22.h3 Bf6 23.Ng4 Rf7 24.Nxf6+ Rxf6 25.Qg4 Raf8 26.Rf1 Qe7
27.Qxe4 Rg6 28.b3 Kh8 29.f3 Qc7 30.Qc2 c5 31.e4 cxd4 32.Rxd4
Qb6 33.Qf2 e5 34.Rd2 Qxf2+ 35.Rfxf2 Bc8 36.Kf1 Rc6 37.Rd5 Be6
38.Rxe5 Bxc4+ 39.bxc4 Rxc4 40.Rxa5 Rb8 41.Rb2 Kg8 42.Rb5 Rbc8
43.R5xb4 Rc1+ 44.Kf2 Kf7 45.a5 Ra1 46.Rb5 h6 47.Rd2 g6 48.Rd6
Rc7 49.a6 h5 50.Rb7 Rxb7 51.axb7 Rb1 52.Rd7+ Ke6 53.Rg7 Kf6 54.Rc7
Ke5 55.Kg3 g5 56.h4 gxh4+ 57.Kxh4 Rb5 58.g4 hxg4 59.Kxg4 Kd6
60.Rh7 Kc6 61.f4 Rb1 62.Kf5 Rb5+ 63.e5 Rb6 64.Rh6+ Kxb7 65.Rxb6+
Kxb6 66.Ke6 Kc7 67.Ke7 1-0

[Event "Challengers' Cup"]
[Site "Seattle, WA"]
[Date "2013.10.26"]
[Round "1"]
[White "Bragg David  (WA)"]
[Black "Dhingra Sangeeta  (WA)"]
[Result "1-0"]
[WhiteElo "2200"]
[BlackElo "1799"]
[Annotator ""]
[Source ""]
[Remark "Open"]

1.d4 Nf6 2.Nc3 d5 3.Bg5 e6 4.e4 dxe4 5.Nxe4 Be7 6.Bxf6 Bxf6 7.Nf3
b6 8.c3 Bb7 9.Bd3 Nd7 10.Qc2 Qe7 11.O-O-O O-O-O 12.Rhe1
( 12.g4 h6 13.h4 g5 14.h5 Bg7 15.Rhe1 Nf6 16.Ne5 Nd5 17.Qa4 a5
18.Nc6 Qe8 19.Na7+ Kb8 20.Bb5 c6 21.Nxc6+ Bxc6 22.Bxc6 Qe7 23.Qb5
Ka7 24.b4 Rc8 25.Qa4 Nxb4 26.Bb5 Rhd8 27.Kb1 Nd5 28.c4 Qb4+ 29.Qxb4
Nxb4 30.a3 Nc6 31.d5 exd5 32.cxd5 Nd4 33.Bc6 Nf3 34.Re3 Ne5 35.Ree1
Nxg4 36.Rf1 Kb8 37.Rc1 Ne5 38.Rfd1 Nxc6 39.dxc6 Rxd1 40.Rxd1
Rxc6 41.Rd7 Rc7 42.Rd6 Kb7 43.Nf6 Bf8 44.Rd3 Kc8 45.Ne4 Rd7 46.Rb3
Rd4 47.Ng3 Kc7 48.Rc3+ Kd7 49.f3 Rd5 50.Ka2 Bg7 51.Rb3 Kc6 52.Ne4
Be5 53.Re3 f5 54.Nc3 Bxc3 55.Rxc3+ Kd6 56.Re3 Re5 57.Rb3 b5 58.Rc3
f4 59.Kb2 Re3 60.Rxe3 fxe3 {0-1, Jose Maria Vaquerizo - Fernando Garcia Gonzalez, Asturias (Spain) 1996}
) Kb8 13.Kb1 c5 14.Bb5 cxd4 15.Nxd4 Bxd4 16.Rxd4 Nc5 17.Nxc5
Qxc5 18.Bd7 Qc7 19.Red1 Qxh2 20.f3 Qe5 21.Qd3 h5 22.b4 h4 23.f4
Qf6 24.Rd2 Rh5 25.c4 Rf5 26.Qe3 Qg6 27.Kb2 Bxg2 {?} 28.c5 {?}
h3 29.cxb6 axb6 {??} 30.Rd6 Qf6+ 31.Ka3 Bb7 32.Rxb6 Rxf4 33.Bc6
Rfd4 34.Rxb7+ Kc8 35.Rxd4 Rxd4 36.Qc3 1-0

[Event "Challengers' Cup"]
[Site "Seattle, WA"]
[Date "2013.10.26"]
[Round "1"]
[White "Robeal Rafik  (WA)"]
[Black "Greninger Harley  (WA)"]
[Result "0-1"]
[WhiteElo "1753"]
[BlackElo "2163"]
[Annotator ""]
[Source ""]
[Remark "Open"]

1.e4 c6 2.d4 d5 3.exd5 cxd5 4.Bd3 Nc6 5.Ne2 g6 6.O-O Bg7 7.c3
Nf6 8.Bf4 O-O 9.Qc1 Re8 ( 9...Re8 10.Re1 e5 11.dxe5 Nxe5 12.Bc2
Nc6 13.Nd2 Qb6 14.Nb3 Ng4 15.Ned4 Bd7 16.Rxe8+ Rxe8 17.h3 Nge5
18.Bh6 Bh8 19.Rb1 a5 20.Nxc6 bxc6 21.Be3 Qc7 22.Bd4 Bg7 23.Nc5
Bc8 24.Qf4 Re7 25.b3 Qd6 26.Qg3 f5 27.a4 Qd8 28.b4 axb4 29.Rxb4
Qc7 30.Rb1 Kf7 {1/2-1/2, Meijers Viesturs (LAT) 2529 - Antonio Rogelio Jr (PHI) 2526, Biel (Switzerland) 1993}
) 10.Bh6 Bh8 11.f3 e5 12.Bb5 Nd7 13.Bxc6 bxc6 14.Bg5 Qb6 15.Be3
Ba6 16.Re1 Bxe2 17.Rxe2 exd4 18.cxd4 Rxe3 19.Rxe3 Bxd4 20.Kf2
Re8 0-1

[Event "Challengers' Cup"]
[Site "Seattle, WA"]
[Date "2013.10.27"]
[Round "3"]
[White "Greninger Harley  (WA)"]
[Black "Nagase Toshihiro  (WA)"]
[Result "1-0"]
[WhiteElo "2163"]
[BlackElo "1753"]
[Annotator ""]
[Source ""]
[Remark "Open"]

1.d4 f5 2.g3 Nf6 3.Bg2 e6 4.Nf3 Be7 5.O-O O-O 6.b3 d6 7.Bb2 Nc6
8.c4 Qe8 9.d5 Nb8 10.dxe6 Bxe6 11.Nd4 Bc8 12.Nc3 Nc6 13.Ncb5
Bd8 14.Nxc6 bxc6 15.Nd4 Ne4 16.Qc2 c5 17.Nb5 Bb7 18.Nc3 Nxc3
19.Bxb7 Nxe2+ 20.Kh1 c6 21.Bxa8 f4 22.Rae1 f3 23.Qd3 Ba5 24.Qxd6
Qxa8 25.Qe6+ Rf7 26.Rd1 1-0

[Event "Challengers' Cup"]
[Site "Seattle, WA"]
[Date "2013.10.26"]
[Round "1"]
[White "Allen Robert  (WA)"]
[Black "Ruan Evan  (WA)"]
[Result "1-0"]
[WhiteElo "1714"]
[BlackElo "1395"]
[Annotator ""]
[Source ""]
[Remark "Reserve"]

{þ} 1.d4 Nf6 2.c4 e5 3.d5 Bc5 4.Nc3 O-O 5.e4 d6 6.Be2 c6
7.Nf3 cxd5 8.cxd5 Qc7 9.O-O Bg4 10.Bd2 Nbd7 11.Rc1 Qd8 12.Ne1
Bxe2 13.Qxe2 Rc8 14.Nd3 Bb6 15.Kh1 Nc5 16.f4 Nxd3 17.Qxd3 Ng4
18.Qg3 h5 19.h3 exf4 20.Bxf4 Nf2+ 21.Rxf2 Bxf2 22.Qxf2 Re8 23.Qg3
h4 24.Qg4 Qb6 25.Bh6 g6 26.Qxh4 Qd8 27.Bg5 1-0

[Event "Challengers' Cup"]
[Site "Seattle, WA"]
[Date "2013.10.26"]
[Round "1"]
[White "Chin Eugene  (WA)"]
[Black "Anthony Ralph  (WA)"]
[Result "0-1"]
[WhiteElo "1334"]
[BlackElo "1730"]
[Annotator ""]
[Source ""]
[Remark "Reserve"]

1.e4 d6 2.d4 Nf6 3.Nc3 g6 4.f4 Bg7 5.Nf3 c5 6.dxc5 Qa5 7.e5 dxe5
8.fxe5 Ng4 9.Qd4 Nc6 ( 9...Nc6 10.Qa4 Qxc5 11.Ne4 Qb6 12.Qb5
Ngxe5 13.Qxb6 Nxf3+ 14.gxf3 axb6 15.c3 f5 16.Ng3 e5 17.Bb5 Be6
18.a4 Kf7 19.f4 Bd5 20.O-O Bf6 21.Be3 exf4 22.Bxf4 Be5 23.Bxc6
bxc6 24.Bxe5 Rhe8 25.Bc7 Bb3 26.Rf4 b5 27.a5 Re7 28.Bb6 Rb7 29.Re1
Rd7 30.Rd4 Rxd4 31.cxd4 f4 32.Nf1 Bd5 33.Nd2 g5 34.Kf2 g4 35.b4
h5 36.Bc7 f3 37.Nf1 Kf6 38.Ng3 Kg6 39.Re5 h4 40.Nf5 Rh8 41.Ne7+
Kf6 42.Nxd5+ cxd5 43.Rxd5 Rc8 44.Bf4 Rc2+ 45.Kf1 Rc4 46.Be5+
Kg6 47.Rxb5 Rc2 48.a6 g3 49.hxg3 h3 50.g4 h2 51.Bxh2 {1-0, Knaus Kristina (CRO) - Baburek Barbara (CRO), Pula (Croatia) 1999}
) 10.Bb5 O-O 11.Bxc6 bxc6 12.b4 Qc7 13.Bf4 Rd8 14.Qe4 Bf5 15.Qe2
a5 16.h3 Nh6 17.g4 Bc8 18.Qc4 Ba6 19.Qe4 axb4 20.Qxb4 Rab8 21.Qe4
Qa5 22.Qe3 Rb5 23.O-O Rxc5 24.Rfd1 Rc8 25.e6 Qxc3 26.exf7+ Kxf7
27.Bxh6 Qxe3+ 28.Bxe3 Rxc2 29.Ng5+ {?} Kg8 30.Rd7 {?} Bxa1 0-1

[Event "Challengers' Cup"]
[Site "Seattle, WA"]
[Date "2013.10.26"]
[Round "1"]
[White "Gelb Nicolo R  (WA)"]
[Black "Kelley Dereque  (WA)"]
[Result "0-1"]
[WhiteElo "1941"]
[BlackElo "2221"]
[Annotator ""]
[Source ""]
[Remark "Open"]

1.e4 e5 2.Nf3 Nc6 3.Bb5 a6 4.Ba4 Nf6 5.O-O Be7 6.Re1 b5 7.Bb3
d6 8.c3 O-O 9.h3 Na5 10.Bc2 c5 11.d4 Qc7 12.Nbd2 cxd4 13.cxd4
Nc6 14.d5 Nb4 15.Bb1 a5 16.Nf1 Bd7 17.N3h2 Rac8 18.Ne3 g6 19.Qf3
Nh5 20.a3 Na6 21.Nhg4 Bg5 22.h4 Bf4 23.g3 Bxg4 24.Qxg4 Nxg3 25.fxg3
Qxc1 26.Rxc1 Bxe3+ 27.Kf1 Rxc1+ 28.Ke2 Bh6 29.Qd7 Nc5 30.Qxb5
a4 31.g4 Bf4 32.b4 Nb3 33.Qxa4 Nxa1 34.Bd3 Rc3 35.Ba6 Nb3 36.b5
Nc5 37.Qb4 Rb3 38.Qa5 Rb2+ 39.Kf3 Nd3 40.g5 Rf2+ 41.Kg4 h5+ 42.gxh6
f5+ 43.exf5 gxf5+ 44.Kh5 Bd2 45.h7+ Kh8 46.Qc7 Nf4+ 47.Kh6 Rf6+
48.Kg5 Nh5+ 49.Kxh5 Rh6# 0-1

[Event "Challengers' Cup"]
[Site "Seattle, WA"]
[Date "2013.10.26"]
[Round "1"]
[White "Mathews Dan  (WA)"]
[Black "Szabo Marcell  (WA)"]
[Result "0-1"]
[WhiteElo "1685"]
[BlackElo "2108"]
[Annotator ""]
[Source ""]
[Remark "Open"]

1.e4 c5 2.Nf3 d6 3.d4 cxd4 4.Nxd4 Nf6 5.Nc3 g6 6.Bb5+ Bd7 7.Bxd7+
Nbxd7 8.Be3 Bg7 9.Qd2 Ng4 10.Nde2 Nxe3 11.Qxe3 Ne5 12.Rb1 Nc4
13.Qd3 Rc8 14.O-O O-O 15.Nd1 Qa5 16.Ndc3 e6 17.b4 Qb6 18.a4 a6
19.Nd1 Ne5 20.Qd2 Qc6 21.Ne3 Rfd8 22.b5 Qxe4 23.bxa6 bxa6 24.Rb4
Qc6 25.Rfb1 Qc5 26.Rb6 Bh6 27.Rxa6 Nc4 28.Qd4 Nxe3 29.Qxc5 Rxc5
30.fxe3 Bxe3+ 31.Kh1 Rxc2 32.Ng3 Rdc8 33.h3 Rc1+ 34.Rxc1 Rxc1+ 0-1

[Event "Challengers' Cup"]
[Site "Seattle, WA"]
[Date "2013.10.27"]
[Round "5"]
[White "Jones Davey  (WA)"]
[Black "Eken Winston  (WA)"]
[Result "0-1"]
[WhiteElo "1551"]
[BlackElo "1474"]
[Annotator ""]
[Source ""]
[Remark "Reserve"]

1.e4 e5 2.Nf3 Nc6 3.Bb5 a6 4.Ba4 Nf6 5.O-O b5 6.Bb3 Be7 7.Re1
d6 8.c3 Na5 9.Bc2 c5 10.d4 cxd4 11.cxd4 Bg4 12.d5 O-O 13.Nbd2
Rc8 14.Nf1 ( 14.b4 Nc4 15.Nf1 Qc7 16.Bb3 a5 17.a3 a4 18.Ba2 Nd7
19.h3 Bh5 20.Ng3 Bg6 21.Nd2 Ndb6 22.Nxc4 Nxc4 23.Re2 Qd7 24.Qd3
Rc7 25.f4 exf4 26.Bxf4 Bf6 27.Rc1 Rfc8 28.Rec2 Bb2 29.Rf1 Ne5
30.Rxc7 Rxc7 31.Qe3 Qc8 32.Qb6 Qd7 33.Nf5 Bxf5 34.exf5 h6 35.Qe3
Qxf5 36.Bh2 Qd7 37.Bb1 Rc4 38.Qb6 Bd4+ 39.Kh1 Bxb6 {0-1, Gonzalez Manuel (ESP) 2176 - Emilio Ariznavarreta, El Berron (Spain) 1993}
) Qc7 15.Bd3 Nd7 16.Ng3 Nc5 17.Bf1 Nc4 18.h3 Bd7 19.b3 Nb6 20.Be3
Qb7 21.Rc1 f6 22.Bxc5 dxc5 23.Qd2 Bd6 24.Nh4 g6 25.Qh6 Be8 26.Rc3
Rf7 27.Be2 Bf8 28.Qd2 c4 29.Rc2 Bd6 30.Rd1 cxb3 31.Rxc8 Qxc8
32.axb3 Rc7 33.Bg4 Bd7 34.Bxd7 Nxd7 35.Ne2 Nc5 36.Qe3 Nd7 37.Qg3
Bf8 38.Nf5 Kf7 39.Ne3 Qb8 40.Ng4 Qb6 41.Kf1 Rc2 42.f4 Bg7 43.fxe5
fxe5 44.Qf3+ Kg8 45.Rc1 Rxc1+ 46.Nxc1 h5 47.Nf2 Qf6 48.Qc3 Qd6
49.Ncd3 Kh7 50.Qc8 Bf8 51.b4 Be7 52.Qb7 Kh6 53.Qc8 Kg7 54.g4
h4 55.Qc1 Nb6 56.Nc5 Nc4 57.Ne6+ Kh7 58.Nd3 a5 59.bxa5 Nxa5 60.Qb2
Nc4 61.Qxb5 Nd2+ 62.Ke2 Nxe4 63.Ke3 Ng5 64.Nxg5+ Bxg5+ 65.Ke4
Bf6 66.Qc6 Qe7 67.Qe6 Kg7 68.Qxe7+ Bxe7 69.Nxe5 Kf6 70.Nc4 Bd8
71.d6 Ke6 72.Kd4 Bg5 73.Kc5 Bf4 74.Kc6 Bg5 75.d7 Bf6 76.Nd6 Ke5
77.Kc7 Kf4 78.d8Q {??} Bxd8+ 79.Kxd8 Kg3 80.Ne4+ Kxh3 {=} 81.g5
{??} Kg2 82.Ke7 h3 83.Kf6 h2 0-1

[Event "Challengers' Cup"]
[Site "Seattle, WA"]
[Date "2013.10.26"]
[Round "2"]
[White "Buzek Jan  (WA)"]
[Black "Allen Robert  (WA)"]
[Result "1/2-1/2"]
[WhiteElo "1517"]
[BlackElo "1714"]
[Annotator ""]
[Source ""]
[Remark "Reserve"]

1.e4 c5 2.Nc3 d6 3.f4 Nc6 4.Nf3 g6 5.Bb5 Bg7 6.O-O e6 7.Bxc6+
bxc6 8.d3 Ne7 9.Qe1 Rb8 10.b3 Qa5 11.Bb2 ( 11.Bb2 Ba6 12.e5 d5
13.Ne4 Qxe1 14.Nd6+ Kd7 15.Rfxe1 Nf5 16.Nxf7 Rhf8 17.N7g5 h6
18.Nh7 Rh8 19.Nf6+ Kc7 20.g4 Nd4 21.Nxd4 cxd4 22.Bxd4 Ra8 23.Bc5
Bc8 24.Kg2 a5 25.a3 Bxf6 26.exf6 Rh7 27.g5 h5 28.a4 Bd7 29.Kf3
Rah8 30.h4 Rf7 31.Re5 Bc8 32.Ke3 Bd7 33.Kd4 Rb8 34.Rae1 Ra8 35.Rxe6
Bxe6 36.Rxe6 Kd7 37.Ke5 Rh7 38.f5 {1-0, Rosen Daniel B (ENG) 2239 - Mashayekh Majid (ENG) 2006, England 1999}
) Ba6 12.Na4 Qxe1 13.Raxe1 Bxb2 14.Nxb2 d5 15.c4 Rb4 16.Rc1 f6
17.Na4 Kf7 18.Nxc5 Bc8 19.e5 Nf5 20.exf6 Kxf6 21.Rfe1 Re8 22.Ne5
Nd4 23.Rc3 h6 24.a3 Rb6 25.Ned7+ Bxd7 26.Nxd7+ Kf5 27.Nxb6 axb6
28.cxd5 cxd5 29.Kf2 Kxf4 30.g3+ Kf5 31.a4 e5 32.b4 Ke6 33.Rcc1
{?!} Rf8+ 34.Kg2 Ra8 35.a5 bxa5 36.bxa5 Rxa5 37.Rb1 Ra2+ 38.Kh3
Nf3 39.Rb6+ 1/2-1/2